000
00230nam a2200109Ia 4500
942
_c
BK
245
_a
Basic Electrical and Electronics Engineering (2012-2013)
260
_b
#N/A
300
_a
143
546
_a
ENGLISH
999
_c
20625
_d
20625